Performance indicators for the second decade of education for Africa (Record no. 53349)

MARC details
000 -LEADER
fixed length control field 00695nam a2200169 a 4500
008 - FIXED-LENGTH DATA ELEMENTS--GENERAL INFORMATION
fixed length control field 111110s2008 ||||||||||||||||| || u
050 ## - LIBRARY OF CONGRESS CALL NUMBER
Classification number AU(02)2008/1
100 ## - MAIN ENTRY--PERSONAL NAME
Personal name Khellaf, Braham
245 10 - TITLE STATEMENT
Title Performance indicators for the second decade of education for Africa
Statement of responsibility, etc. Consultancy work done by Olusanya E. Olubusoye and Braham Khellaf
260 ## - PUBLICATION, DISTRIBUTION, ETC.
Place of publication, distribution, etc. Addis Ababa
Name of publisher, distributor, etc. African Union (AU)
Date of publication, distribution, etc. 2008
300 ## - PHYSICAL DESCRIPTION
Extent v, 65p.
350 ## - PRICE (NR) (BK AM CF MU VM SE) [OBSOLETE]
Price 0.00
650 ## - SUBJECT ADDED ENTRY--TOPICAL TERM
Topical term or geographic name entry element EDUCATION--AFRICA
700 ## - ADDED ENTRY--PERSONAL NAME
Personal name Olubusoye, Olusanya E
710 ## - ADDED ENTRY--CORPORATE NAME
Corporate name or jurisdiction name as entry element African Union (AU)
995 ## - RECOMMENDATION 995 [LOCAL, UNIMARC FRANCE]
-- 0.00
-- CBU-MAIN LIBRARY (Kitwe)
-- 1
-- 0.00
-- 1
-- AVAILABLE
-- Nov 22, 2011
-- Annex Low-Usage Collection
Holdings
Withdrawn status Lost status Source of classification or shelving scheme Damaged status Not for loan Home library Current library Shelving location Date acquired Total Checkouts Full call number Barcode Date last seen Price effective from Koha item type
          CBU-MAIN LIBRARY, KITWE. CBU-MAIN LIBRARY, KITWE.   11/30/2022   AU(02)2008/1 03008315 11/30/2022 11/30/2022 MONOGRAPH